empires - Statistics

General Stats
  • This quiz has been taken 6 times
  • The average score is 6 of 25
Answer Stats
Hint Answer % Correct
1299-1922 ottoman empire
83%
1721-1917 russian empire
83%
1497-1997 british empire
67%
1206-1368 mongol empire
67%
27 BC-476 AD roman empire
67%
330 AD-1453 AD byzantine empire
50%
1804-1980 french empire
50%
1871-1918 german empire
50%
1861-1943 italian empire
17%
1868-1945 italian empire
17%
1641-1911 qing dynasty
17%
683-1293 srivijaya
17%
661-750 umayyad caliphate
17%
1804-1918 austrian empire
0%
1526-1953 danish empire
0%
1822-1889 empire of brazil
0%
1938-1945 fascist germany
0%
300-1240 ghana empire
0%
551-744 gokturk empire
0%
1240-1502 golden horde
0%
1397-1523 kalmar union
0%
321 BC-185 BCE maurya empire
0%
742-848 uyghur khanate
0%
1428-1471 uzbek khanate
0%
1818-1897 zulu empire
0%
No matching quizzes found
Score Distribution
Percent of People with Each Score
Percentile by Number Answered
Your Score History
You have not taken this quiz